[Event "Villa Martelli ProAm op 23rd"]
[Site "Villa Martelli"]
[Date "2016.11.25"]
[Round "7"]
[White "Sotelo Rojas, Ruben"]
[Black "Urquiza, Norberto"]
[Result "1-0"]
[WhiteElo "1786"]
[BlackElo "1547"]
[PlyCount "78"]
[EventDate "2016.11.20"]
[EventType "swiss"]
[EventRounds "9"]
[EventCountry "ARG"]
[SourceTitle "CBM 175 Extra"]
[Source "ChessBase"]
[SourceDate "2016.12.12"]
[SourceVersion "1"]
[SourceVersionDate "2016.12.12"]
[SourceQuality "1"]

1. d4 d5 2. c4 c6 3. Nc3 e6 4. Nf3 Nd7 5. g3 Be7 6. cxd5 exd5 7. Bg2 Ngf6 8. 0-0 0-0 9. Bg5 b5 10. a3 Bb7 11. Qc2 h6 12. Bf4 b4 13. axb4 Bxb4 14. Ne5 c5 15. e3 Nh5 16. Nd3 Nxf4 17. Nxf4 Nf6 18. Qb3 a5 19. Ncxd5 Rb8 20. dxc5 Ba6 21. Rfd1 Bxc5 22. Nxf6+ Qxf6 23. Qc3 Qxc3 24. bxc3 Bb6 25. Rd6 Bc4 26. Nd5 Ba7 27. Ne7+ Kh8 28. Nc6 Bc5 29. Rd7 Rb2 30. Nxa5 Be6 31. Rdd1 Bg4 32. Nc4 Rbb8 33. Rdb1 Rbc8 34. Ne5 Be6 35. Rc1 Bd6 36. Nf3 Bc4 37. Nd2 Be6 38. c4 Bb4 39. Ra2 h5 1-0